LEADER 00909nam0-2200325---450 001 990009110910403321 005 20200212091556.0 035 $a000911091 035 $aFED01000911091 035 $a(Aleph)000911091FED01 035 $a000911091 100 $a20091102d1972----km-y0itay50------ba 101 1 $aita$ceng 102 $aIT 105 $aa-------001yy 200 1 $aCiviltà$fKenneth Clark 210 $aFirenze$cSansoni$d1972 215 $aVII, 375 p., [42] p. di tav.$cill.$d26 cm 454 0$12001$aCivilisation$ea personal view$91668509 610 0 $aCiviltà$aStoria$aSaggi 700 1$aClark,$bKenneth$f<1903-1983>$036279 801 0$aIT$bUNINA$gRICA$2UNIMARC 901 $aBK 912 $a990009110910403321 952 $a11.128$b6275$fDARST 952 $aFONDO ROSSI 292$bROSSI 295$fFARBC 959 $aFARBC 959 $aDARST 996 $aCivilisation$91668509 997 $aUNINA LEADER 00859nam a2200217 a 4500 001 991001088639707536 008 050608s it 000 0 ita d 035 $ab13318664-39ule_inst 040 $aDip.to di Scienze Storiche Filosofiche e Geografiche$bita 082 0 $a910.202 100 1 $aTouring club italiano$0493511 245 10$a1989 (millenovecentottantanove) del turista :$bservizi e notizie, per i soci, in Italia e all'estero 260 $aMilano :$bTouring club italiano,$c1988 300 $a272 p. ;$c23cm 650 4$aTurismo 907 $a.b13318664$b21-09-06$c09-06-05 912 $a991001088639707536 945 $aLE009 GEOG.10.2-127$g1$lle009$o-$pE0.00$q-$rl$s- $t0$u0$v0$w0$x0$y.i14086700$z09-06-05 996 $a1989 (millenovecentottantanove) del turista$91105670 997 $aUNISALENTO 998 $ale009$b - - $cm$d- $e-$fita$git $h0$i0 LEADER 01327nam a2200349 i 4500 001 991000987299707536 005 20020507104804.0 008 941021s1993 us ||| | eng 020 $a0471619957 035 $ab10157670-39ule_inst 035 $aLE00640228$9ExL 040 $aDip.to Fisica$bita 084 $a621.3.8 084 $a621.3.9.4 084 $a621.3.9.5 084 $a621.3.9.8 084 $a621.3822 084 $aTK5102.5 245 00$aHandbook for digital signal processing /$cedited by Sanjit K. Mitra, James F. Kaiser 260 $aNew York :$bJohn Wiley & Sons,$cc1993 300 $axxxi, 1268 p. :$bill. ;$c25 cm. 500 $aIncludes bibliographical references and index. 650 4$aSignal processing-Digital techniques 700 1 $aMitra, Sanjit Kumar 700 1 $aKaiser, James F. 907 $a.b10157670$b21-09-06$c27-06-02 912 $a991000987299707536 945 $aLE006 621.3.9.4 MIT$g1$i2006000050371$lle006$o-$pE0.00$q-$rl$s- $t0$u0$v0$w0$x0$y.i10191227$z27-06-02 945 $aLE026 HAN 1993 MIT 01.01$g1$i2026000019659$lle026$nProf. Lay-Ekuakille / Biblioteca$op$pE189.01$q-$rl$s- $t4$u3$v1$w3$x0$y.i14094320$z21-06-05 996 $aHandbook for digital signal processing$9104253 997 $aUNISALENTO 998 $ale006$ale026$b01-01-94$cm$da $e-$feng$gus $h0$i1